000
00341nam a2200145Ia 4500
008
230718s9999 xx 000 0 und d
041
_a
Eng.
082
_a
340.59
_b
M.A-H
100
_a
M.A.Coulsm N.J
245
0
_a
history of islamic law
260
_a
Pakistan
_b
university of london
_c
2012
300
_a
226
650
_a
Law
999
_c
30178
_d
30178